Kríza ázijského modelu od roku 1990 klesli ceny pozemkov v Tokiu o 80 percent

Hospodárska a menová kríza v Japonsku a Južnej Kórei. Investície štátov Európskej únie v juhokórejských konglomerátoch. Investície Kórei v Európe. Problémy na trhoch východnej Európy. Dôvod zamerania Kórei na oblasť Veľkej Británie.

Salvato in:
Dettagli Bibliografici
Autore principale: Stahlová, Jarmila
Natura: Libro
Lingua:slovacco
Soggetti:
Tags: Aggiungi Tag
Nessun Tag, puoi essere il primo ad aggiungerne!!

MARC

LEADER 00000nam a2200000 4500
001 r030244
005 20251104124726.9
041 0 |a slo 
044 |a SK 
245 1 0 |a Kríza ázijského modelu  |b od roku 1990 klesli ceny pozemkov v Tokiu o 80 percent  |c Jarmila Stahlová 
520 |a Hospodárska a menová kríza v Japonsku a Južnej Kórei. Investície štátov Európskej únie v juhokórejských konglomerátoch. Investície Kórei v Európe. Problémy na trhoch východnej Európy. Dôvod zamerania Kórei na oblasť Veľkej Británie. 
610 2 0 |a kríza hospodárska 
610 2 0 |a kríza menová 
610 2 0 |a situácia hospodárska 
610 2 0 |a Japonsko 
610 2 0 |a Južná Kórea 
610 2 0 |a investície zahraničné 
610 2 0 |a investície v zahraničí 
610 2 0 |a Európa 
610 2 0 |a Veľká Británia 
100 1 |a Stahlová, Jarmila